Espaces 1. Příručka k učebnici francouzštiny.

Uložené v:
Podrobná bibliografia
Hlavný autor: Havlíková, J. (Author)
Médium: Kniha
Jazyk:Czech
Vydané: 1993
ISBN: 8090142206
Tagy: Pridať tag
Žiadne tagy, Buďte prvý kto otaguje tento záznam!

MARC

LEADER 00000nam a2200000 a 4500
001 000251237
005 00000000000000.0
008 040101s1993 e czeo
020 |a 8090142206 
041 0 |a cze 
100 1 |a Havlíková, J.  |4 aut 
245 1 0 |a Espaces 1. Příručka k učebnici francouzštiny. 
260 |c 1993 
500 |a Záznam neprešiel kontrolou 
910 |a svkkk 
919 |a 80-901422-0-6 
998 |a BK 
090 |g SCKHL  |k Sklad Pribinova 2. posch.  |a III.160458  |j 860555  |i 2720450380  |s Absenčne